00447nam a2200109Ia 4500008004100000100002300041245005400064260003600118650012500154650001400279856004400293171212s9999 xx 000 0 und d aBarry, Kathleen L. cBarry, Kathleen L.aThe Prostitution of Sexuality bNew York University Pressc1995 aProstitution -- Moral and ethical aspects; Sex oriented businesses; Sex crimes; Women -- Crimes against; Feminist theory aSociology uhttp://www.jstor.org/stable/j.ctt9qg779